MARC details
| 000 -LEADER |
| campo de control de longitud fija |
02233cam a2200313 a 4500 |
| 001 - NÚMERO DE CONTROL |
| campo de control |
5066250 |
| 003 - IDENTIFICADOR DE NÚMERO DE CONTROL |
| campo de control |
000027 |
| 005 - FECHA Y HORA DE LA ÚLTIMA TRANSACCIÓN |
| campo de control |
20220326193245.0 |
| 008 - DATOS DE LONGITUD FIJA--INFORMACIÓN GENERAL |
| campo de control de longitud fija |
040628s2004 nyua f 000 0 eng |
| 015 ## - NÚMERO DE BIBLIOGRAFÍA NACIONAL |
| Número de bibliografía nacional |
GBA466655 |
| Fuente |
bnb |
| 016 7# - NÚMERO DE CONTROL DE UNA AGENCIA BIBLIOGRÁFICA NACIONAL |
| Número de control del registro |
012991587 |
| Fuente |
Uk |
| 020 ## - NÚMERO INTERNACIONAL ESTÁNDAR DEL LIBRO |
| Número Internacional Estándar del Libro |
0870700014 (hbk.) |
| 035 ## - NÚMERO DE CONTROL DEL SISTEMA |
| Número de control de sistema |
(OCoLC)ocm56651265 |
| 035 ## - NÚMERO DE CONTROL DEL SISTEMA |
| Número de control de sistema |
(NNC)5066250 |
| 040 ## - FUENTE DE CATALOGACIÓN |
| Centro catalogador/agencia de origen |
UKM |
| Centro/agencia transcriptor |
UKM |
| Centro/agencia modificador |
NNC |
| -- |
OrLoB-B |
| 082 04 - NÚMERO DE LA CLASIFICACIÓN DECIMAL DEWEY |
| Número de clasificación |
708.1471 |
| Número de ítem |
SC365a |
| Número de edición |
22 |
| 245 00 - MENCIÓN DEL TÍTULO |
| Título |
Art in our time : |
| Resto del título |
a chronicle of the Museum of Modern Art / |
| Mención de responsabilidad, etc. |
edited by Harriet Schoenholz Bee and Michelle Elligott. |
| 260 ## - PUBLICACIÓN, DISTRIBUCIÓN, ETC. |
| Lugar de publicación, distribución, etc. |
New York : |
| Nombre del editor, distribuidor, etc. |
Museum of Modern Art, |
| Fecha de publicación, distribución, etc. |
2004. |
| 300 ## - DESCRIPCIÓN FÍSICA |
| Extensión |
256 p. : |
| Otras características físicas |
ill. (some col.) ; |
| Dimensiones |
28 cm. |
| 505 00 - NOTA DE CONTENIDO CON FORMATO |
| Título |
Foreword / |
| Mención de responsabilidad |
Glenn D. Lowry -- |
| Título |
Introduction / |
| Mención de responsabilidad |
Harriet S. Bee and Michelle Elligott -- |
| Título |
1929-1939 : the first ten years -- |
| -- |
1940-1953 : road to victory -- |
| -- |
1954-1964 : masters of modern art -- |
| -- |
1965-1972 : word and image -- |
| -- |
1973-1984 : transformations -- |
| -- |
1985-1994 : allegories of modernism -- |
| -- |
1995-2004 : modern contemporary. |
| 520 1# - RESUMEN, ETC. |
| Sumario, etc. |
"This volume chronicles the Museum's story from its opening, ten days after the stock market crash of 1929, in a few rented rooms in a midtown office building, up to the present day, in its new building on West Fifty-third and Fifty-fourth streets. The book presents a pictorial and documentary review of each year, and each important period, of the Museum's history. It tells the story of how The Museum of Modern Art, New York, began as a small set of art galleries inaugurated by three ladies of means who had a passion for modern art. Through a selection of photographs, official documents, letters, quotations, newspaper clippings, cartoons, and other ephemera, the complex and multilayered history of the Museum unfolds in a visual march through time, revealing the extraordinary vision of a determined group of individuals who had the ability and courage to translate their vision into reality."--BOOK JACKET. |
| 610 20 - PUNTO DE ACCESO ADICIONAL DE MATERIA--NOMBRE DE ENTIDAD CORPORATIVA |
| Nombre de entidad corporativa o nombre de jurisdicción como elemento de entrada |
Museum of Modern Art (New York, N.Y.) |
| Subdivisión general |
History. |
| 9 (RLIN) |
72 |
| 650 ## - PUNTO DE ACCESO ADICIONAL DE MATERIA--TÉRMINO DE MATERIA |
| Término de materia o nombre geográfico como elemento de entrada |
Museos de arte |
| 9 (RLIN) |
73 |
| 650 ## - PUNTO DE ACCESO ADICIONAL DE MATERIA--TÉRMINO DE MATERIA |
| Término de materia o nombre geográfico como elemento de entrada |
Colecciones de 1929 al 2004 |
| 9 (RLIN) |
74 |
| 651 ## - PUNTO DE ACCESO ADICIONAL DE MATERIA--NOMBRE GEOGRÁFICO |
| Nombre geográfico |
Estados Unidos |
| 9 (RLIN) |
75 |
| 700 1# - ENTRADA AGREGADA--NOMBRE PERSONAL |
| Nombre de persona |
Bee, Harriet Schoenholz. |
| 9 (RLIN) |
76 |
| 700 1# - ENTRADA AGREGADA--NOMBRE PERSONAL |
| Nombre de persona |
Elligott, Michelle. |
| 9 (RLIN) |
77 |
| 900 ## - ELEMENTOS DE DATOS A LOCAL, LDA (RLIN) |
| Numeración |
TOC |